000 00292nam a2200109Ia 4500
008 180205s9999 xx 000 0 und d
020 _a671723650
100 _aCarnegie, Dale
245 _aHow to win friends & influene people /
260 _aUSA
_bPocket books
_c1981
300 _axi, 269 pages
999 _c354779
_d354779